01371 a2200241 4500020001800000040001300018082001000031100002700041245006600068250001100134260003400145300004600179650002200225700002200247942002300269999001500292952013000307952014200437952013000579952013000709952015700839952013300996 a0-471-13476-7 aDLCbDLC04a629.81 aKuo, Benjamin Chung-i,10aAutomatic control systems cBenjamin C. Kuo, Farid Golnaraghi a8. ed. aNew York :bWiley,ccop. 2003 axiii, 609 s. :bill. ;c26 cm +e1 CD-ROM 0aAutomatic control1 aGolnaraghi, Farid cBKk629.8 KUO2ddc c4655d4655 001040708NFICaCLbCLcGENd2007-02-24eAllied Book Companyg408.03l0o629.8 KUOpSEECS008166r2012-11-14w2017-01-05yBK 001040708NFICaCLbCLcGENd2007-02-24eAllied Book Companyg408.03l1o629.8 KUOpSEECS008163r2016-03-16s2014-09-22w2017-01-05yBK 001040708NFICaCLbCLcGENd2007-02-24eAllied Book Companyg408.03l0o629.8 KUOpSEECS008165r2012-11-14w2017-01-05yBK 001040708NFICaCLbCLcGENd2007-02-24eAllied Book Companyg408.03l0o629.8 KUOpSEECS008164r2012-11-14w2017-01-05yBK 001040708NFICaCLbCLcGENd2004-08-21eProgressive International Agenciesg387.57l1o629.8 KUOpSEECS004684r2016-01-09s2015-08-18w2017-01-05yBK 001040708NFICaCLbCLcGENd2004-08-11eBook Fieldg385.03l1o629.8 KUOpSEECS004665r2016-01-15s2015-08-18w2017-01-05yBK